000 02018cam a22005534i 4500
003 PE-LiUPU
005 20250731180150.0
008 150706s r 000 0 d
035 _a(Sirsi) a52234
040 _aPE-LiUPU
_bspa
_cPE-LiUPU
_erda
049 _aPRUA
082 0 4 _a512.64
_bA3
_221
245 0 0 _aÁlgebra lineal para los grados en ciencias sociales :
_benfoque analítico y gráfico /
_cÁngeles Cámara Sánchez, Raquel Garrido Abia, Miguel Ángel Marcos Calvo, María Mercedes Martín Lopa, José Ramón Monrobel Alcántara.
264 1 _aMadrid :
_bDelta Publicaciones,
_c2012.
300 _axiii, 233 páginas :
_bilustraciones ;
_c24 cm.
336 _atext
_2rdacontent
337 _aunmediated
_2rdamedia
338 _avolume
_2rdacarrier
500 _aLos capítulos 2 al 4 incluyen una sección de ejercicios resueltos.
504 _aIncluye bibliografía.
505 0 _aMatrices y sistemas de ecuaciones -- Espacios vectoriales -- Aplicaciones lineales -- Formas cuadráticas.
526 _aSEG44
526 _aSEG26
526 _aP159
526 _aP155
526 _aP154
526 _aP153
526 _aP150
526 _aP100
526 _aP31
526 _aP30
526 _aP26
526 _aP25
526 _aP24
526 _aP22
526 _aP15
526 _aP10
541 _g015-0015322;
650 2 4 _aCiencias sociales
_xModelos matemáticos.
650 1 4 _aÁlgebra lineal.
700 1 _aCámara Sánchez, Ángeles
700 1 _aGarrido Abia, Raquel,
_eautor.
910 _cjck
_d20120524
942 _2ddc
_cBOOK
949 _a512.64 A3
_wDEWEY
_c1
_i67255
_lCCODEBUL1
_mBUL
_p30.00
_r0
_sY
_tLIBRO
_u2015-07-06
_xINGENIERIA
_zUNKNOWN
_o.STAFF. Colección General
994 _aC0
_bPEPRU
596 _a1
999 _a512.64 A3
_wDEWEY
_c54844
_i67255
_f2021-11-9
_g7
_lCCODEBUL1
_mBUL
_p30.00
_r0
_sY
_tBOOK
_u2015-7-6
_xINGENIERIA
_zUNKNOWN
_0COMPRA
_o.STAFF. Colección General
_d54844
980 _81
_gALBERTO SANCHEZ Responsable de Automatización